01170nam a22003377a 4500001001000000003000900010005001700019007000300036008003400039040005400073041001000127072002100137090001900158100002100177110010600198245010600304260004200410300001000452500004700462650002000509650001600529650002200545650001500567650000900582650001200591650001700603909003600620942000700656999001700663952015200680BR7800001BR-BrBNA20230928085516.0ta230509b bl.||||| |||| 00| 0 por d aBR-BrBNAbporcBiblioteca Nacional de Agricultura a(Por) aL10b5213b/G514  5213 BR78000011 aFerreira, P.R.C.1 aUniversidade Federal de Minas Gerais, Belo Horizonte (Brasil). Escola de Veterinaria0Tese (Mestrado)1 aEstudo de algumas caracteristicas reprodutivas de um rebanho Guzera em Curvelo [Minas Gerais; Brasil]3 aBelo Horizonte, MG (Brasil): c1977.  a75 p. a14 tables; Bibliography p. 61-75 (99 ref.) aGenetica animal aGado guzera aReproducao animal aFecundacao aSexo aCurvelo aMinas Gerais a202309bLuciac55dLucia Elande cBK c24822d24822 002AGRIS40708AGROBASEa41918b41918l0o 5213 BR7800001p5213 BR7800001r2023-09-25t01yBK10d2023-09-25ePortaria Interministerial nÂș 164/94